000 00649nam a2200205 i 4500
001 104072
003 ES-MaACL
005 20250809034606.0
007 t|
008 051122s1946 sp ||||1| spa d
100 1 _aMezger, Edmund.
_980828
245 1 0 _aTratado de derecho penal /
_cEdmundo Mezger.
250 _a2ª ed. rev. y puesta al día
_bpor José Arturo Rodríguez Muñoz.
260 _aMadrid :
_bRevista de Derecho Privado,
_c1946.
300 _a454 p. ;
_c24 cm.
650 0 7 _aDerecho penal
_2embne
_911749
700 1 _aRodríguez Muñoz, José Arturo.
_998694
852 _aES-MaACL
_jE-3413
_bR.22032
999 _c104072
_d104072